000 00556nam a2200193Ia 4500
003 OSt
005 20220901124542.0
008 220901b |||||||| |||| 00| 0 eng d
020 _a0 273 70195 8
040 _cIFM Library
082 _a512.024339
100 _aJacques, Ian
_91447
245 _aMathematics for Economics and Business
260 _bFinancial Times/Prentice Hall,
_aHarlow:
_c2006
300 _aviii, 683p.;
_bill.:26cm.
500 _aIncludes Index
650 _aEconomics, mathematicalBusiness mathematics
_93721
942 _cBK
_2ddc
_n0
999 _c11733
_d11733